Rebuilding our communities : (Record no. 48230)
[ view plain ]
| 000 -LEADER | |
|---|---|
| fixed length control field | 01237cam a22002771 4500 |
| 001 - CONTROL NUMBER | |
| control field | 7407618 |
| 005 - DATE AND TIME OF LATEST TRANSACTION | |
| control field | 20191004104448.0 |
| 008 - FIXED-LENGTH DATA ELEMENTS--GENERAL INFORMATION | |
| fixed length control field | 750605s1945 iluace 000 0 eng |
| 010 ## - LIBRARY OF CONGRESS CONTROL NUMBER | |
| LC control number | 46025089 |
| 035 ## - SYSTEM CONTROL NUMBER | |
| System control number | (OCoLC)1376584 |
| 040 ## - CATALOGING SOURCE | |
| Original cataloging agency | DLC |
| Transcribing agency | FM |
| Modifying agency | OCoLC |
| -- | DLC |
| 042 ## - AUTHENTICATION CODE | |
| Authentication code | premarc |
| 100 1# - MAIN ENTRY--PERSONAL NAME | |
| Personal name | Shabecoff, Alice, |
| 245 10 - TITLE STATEMENT | |
| Title | Rebuilding our communities : |
| Remainder of title | how churches can provide, support and finance quality housing for low income families / |
| Statement of responsibility, etc | Alice Shabecoff. |
| 260 ## - PUBLICATION, DISTRIBUTION, ETC. (IMPRINT) | |
| Place of publication, distribution, etc | Monrovia, Cal : |
| Name of publisher, distributor, etc | World vision, |
| Date of publication, distribution, etc | 1992. |
| 300 ## - PHYSICAL DESCRIPTION | |
| Extent | 61 p. incl. illus. (incl. plans) port., diagr. ; |
| Dimensions | 28 x 22 cm. |
| 336 ## - CONTENT TYPE | |
| Content Type Term | text |
| 337 ## - MEDIA TYPE | |
| Media Type Term | unmediated |
| 338 ## - CARRIER TYPE | |
| Carrier Type Term | volume |
| 500 ## - GENERAL NOTE | |
| General note | "The first of a series of monographs written by eminent authorities in their field, under the editorship of L. Moholy-Nagy, expounding the basic philosophy and creative approach of the Institute of design, Chicago." |
| 500 ## - GENERAL NOTE | |
| General note | "A lecture held in Chicago February 23rd, 1945, under the joint auspices of the Institute of design, the Chicago association of commerce and the Chicago Plan commission." |
| 650 #0 - SUBJECT ADDED ENTRY--TOPICAL TERM | |
| Topical term or geographic name as entry element | City planning. |
| 650 #0 - SUBJECT ADDED ENTRY--TOPICAL TERM | |
| Topical term or geographic name as entry element | Architecture, Domestic. |
| 906 ## - LOCAL DATA ELEMENT F, LDF (RLIN) | |
| a | 7 |
| b | cbc |
| c | oclcrpl |
| d | u |
| e | ncip |
| f | 19 |
| g | y-gencatlg |
| 942 ## - ADDED ENTRY ELEMENTS (KOHA) | |
| Source of classification or shelving scheme | Library of Congress Classification |
| Item type | Books |
| Withdrawn status | Lost status | Source of classification or shelving scheme | Damaged status | Not for loan | Home library | Current library | Shelving location | Date acquired | Inventory number | Total Checkouts | Full call number | Barcode | Date last seen | Price effective from | Koha item type |
|---|---|---|---|---|---|---|---|---|---|---|---|---|---|---|---|
| Library of Congress Classification | BSOP Library | BSOP Library | GC | 10/04/2019 | 20273 | NA9030 Sh1 | 00020241 | 10/04/2019 | 10/04/2019 | Books |
